| 000 | 00427cam a22001217a 4500 | ||
|---|---|---|---|
| 008 | 180718b1989 xxu||||| |||| 00| 0 eng d | ||
| 082 | _aA81x54 In2/81/29/PT10D | ||
| 100 | _aCensus of India 1981 | ||
| 245 | _aGoa, Daman and Diu: handicraft survey report, wood carving in Goa | ||
| 260 |
_aDelhi _bThe Controller of Publications _c1989 |
||
| 300 | _a71+p. | ||
| 440 | _aCensus of India 1981. Series-29, Goa, Daman and Diu. Part X-D | ||
| 999 |
_c485541 _d485541 |
||